| 000 | 00397nam a22001697a 4500 | ||
|---|---|---|---|
| 999 |
_c4221 _d4220 |
||
| 005 | 20210908125810.0 | ||
| 008 | 160627b xxu||||| |||| 00| 0 eng d | ||
| 020 | _a1-55581-176-0 | ||
| 041 | _aeng | ||
| 082 | _b10282 | ||
| 100 |
_aKrauzer and Massay _92918 |
||
| 245 | _aRecombinant DNA and Bistechnology | ||
| 260 | _bASM Press | ||
| 300 | _a409 | ||
| 650 |
_aAgriculture _92837 |
||
| 942 | _cBK | ||